| 000 | 00451nam a2200169 i 4500 | ||
|---|---|---|---|
| 001 | 23631 | ||
| 003 | ES-MaACL | ||
| 005 | 20230906152916.0 | ||
| 007 | t| | ||
| 008 | 021211s1943 sp ||||1| spa d | ||
| 100 | 1 |
_aAncil, Miguel. _921405 |
|
| 245 | 1 | 0 |
_aMonografía de Sangüesa / _cpor Miguel Ancil. |
| 250 | _a1ª ed. | ||
| 260 |
_aPamplona : _bIbería, _c[1943?] |
||
| 300 |
_a148 p. : _bil. ; _c21 cm. |
||
| 852 |
_aES-MaACL _j1878-F-2 _bR.25128 |
||
| 999 |
_c23631 _d23631 |
||